000 00507nam a2200145Ia 4500
008 100204s9999 xx 000 0 und d
082 _b17760
100 _aमंगळवेढेकर राजा
245 _aशिक्षक मित्रांनो
260 _b"पृथ्वी प्रकाशन , पुणे"
_c1994
300 _a105
630 _aशिक्षक मित्रांनो
730 _aशिक्षक मित्रांनो
942 _cBOOK
999 _c462183
_d462180